[Event "TUR-ch (Women)"]
[Site "Cesme"]
[Date "2016.03.12"]
[Round "9"]
[White "Gur, Tuba"]
[Black "Eraydin, Begum Su"]
[Result "1-0"]
[WhiteElo "1505"]
[BlackElo "1385"]
[PlyCount "117"]
[EventDate "2016.03.07"]
[EventType "swiss"]
[EventRounds "9"]
[EventCountry "TUR"]
[SourceTitle "CBM 171 Extra"]
[Source "ChessBase"]
[SourceDate "2016.04.26"]
[SourceVersion "1"]
[SourceVersionDate "2016.04.26"]
[SourceQuality "1"]

1. c4 e5 2. Nc3 Nf6 3. d3 h6 4. Nf3 Nc6 5. a3 Be7 6. b4 d6 7. Bb2 0-0 8. e3 Bg4 9. Be2 Re8 10. h3 Bh5 11. Nd2 Bxe2 12. Qxe2 Bf8 13. 0-0 a6 14. Nde4 Nxe4 15. Nxe4 d5 16. cxd5 Qxd5 17. Qg4 Qe6 18. Qg3 Kh8 19. f4 f5 20. Nc5 Bxc5 21. bxc5 Re7 22. e4 Rf8 23. fxe5 Nxe5 24. exf5 Rxf5 25. Rxf5 Qxf5 26. Re1 Nf3+ 27. gxf3 Qxc5+ 28. d4 Qg5 29. Qxg5 Rxe1+ 30. Kf2 hxg5 31. Kxe1 Kg8 32. Bc1 g6 33. Bxg5 Kf7 34. Kd2 Ke6 35. Kc3 c6 36. Kc4 Kd6 37. a4 b5+ 38. axb5 axb5+ 39. Kb4 Kd5 40. Bf6 Ke6 41. Be5 Kd5 42. h4 Ke6 43. Kc5 Kf5 44. Kxc6 b4 45. Kd6 b3 46. d5 g5 47. hxg5 Kxg5 48. Ke6 b2 49. Bxb2 Kf4 50. d6 Kxf3 51. d7 Ke4 52. d8Q Kf4 53. Be5+ Ke4 54. Qd4+ Kf3 55. Qd3+ Kg2 56. Qe2+ Kh3 57. Qh2+ Kg4 58. Qg3+ Kh5 59. Kf6 1-0